Normal view
MARC view
- Dr. Ishtiaq Qadir.
Entry Personal Name
001 - CONTROL NUMBER
- control field: 19535
003 - CONTROL NUMBER IDENTIFIER
- control field: NUST
005 - DATE AND TIME OF LATEST TRANSACTION
- control field: 20190826070751.0
008 - FIXED-LENGTH DATA ELEMENTS
- fixed length control field: 190826|| aca||aabn | a|a d
040 ## - CATALOGING SOURCE
- Original cataloging agency: NUST
- Transcribing agency: NUST
100 ## - HEADING--PERSONAL NAME
- Personal name: Dr. Ishtiaq Qadir.
670 ## - SOURCE DATA FOUND
- Source citation: Work cat.: (NUST): Anjum, Sadia 19534, Characterization of HCV Genotype 3A Proteins Core, E1, E2 And Development of Pseudotype particles (HCVPP) And Intergenotypic Chimera (HCVcc) /)), 2013.
